00542nam a2200169Ia 4500003000900000008004100009020002200050040001600072080001400088100002900102245009200131250001200223260003900235300001600274490005300290650002900343IN-BaIIA211028s9999 xx 000 0 eng d a978-981-238-282-5 cIIA Library a530.1bDE ade Gennes, Pierre-Gilles 0aSimple views on condensed mattercPierre-Gilles de Gennes  a3rd ed. aNew JerseybWorld Scientificc2003 axiii, 559p. aSeries in modern condensed matter physics; v. 12 aCondensed matter physics